عرض عادي عرض مارك
  • الرقابة القضائية على دستورية القوانين

مدخل مصطلح موضوعي

عدد التسجيلات المستخدمة في: 1

001 - رقم الضبط

  • حقل الضبط: 59370

003 - معرف رقم الضبط

  • حقل الضبط: OSt

005 - تاريخ ووقت أخر عملية

  • حقل الضبط: 20170909071316.0

008 - عناصر بيانات ثابتة الطول

  • حقل تحكم ثابت الطول: 170909|| aca||aabn | a|a d

040 ## - مصدر الفهرسة

  • هيئة الفهرسة الأصلية: OSt
  • وكالة الكتابة: OSt

150 ## - مدخل-- مصطلح تاريخي

  • عنصر مدخل المصطلح الموضوعي او الاسم الجغرافي: الرقابة القضائية على دستورية القوانين
  • تفريع جغرافي: العراق

670 ## - بيانات المصدر موجوده

  • الاستشهاد بالمصدر: Work cat.: (OSt): الزهيري، أزهار هاشم أحمد 59369, الرقابة على دستورية الأنظمة والقرارات الإدارية في ظل دستور جمهورية العراق لسنة 2005 :, 2017.